000 01086cam a2200349 i 4500
001 19061036
005 20260413062935.0
008 160419t20172017paua b 001 0 eng
010 _a 2016018623
020 _a978160548116
035 _a19061036
035 _a(DNLM)101681389
040 _aDNLM/DLC
_cDLC
_erda
_dDLC
042 _apcc
050 0 0 _aRC440
_b.V53 2011
060 1 0 _aWY 160
082 0 0 _a616.89/0231
_223
100 1 _aVidebeck, Sheila L.,
_eauthor.
245 1 0 _aPsychiatric-mental health nursing /
250 _a11th ed.
260 _aPhiladelphia;
_bWolters Kluwer,
_c2011
300 _axi, 530 pages :
_bcolor illustrations;
_c28 cm
_e+ 1 CD ROM
504 _aIncludes bibliographical references and index.
650 0 _aPsychiatric nursing.
650 1 2 _aPsychiatric Nursing
650 2 2 _aMental Disorders
_xnursing
650 2 2 _aNurse-Patient Relations
700 1 _aMiller, C. J.
_q(Cathy J.),
_eillustrator.
906 _a7
_bcbc
_corignew
_d1
_eecip
_f20
_gy-gencatlg
942 _2lcc
_cBK
999 _c60333
_d60333